000 00721nam a2200289Ia 4500
005 20260324150553.0
008 008 260324s9999 xx 000 0 eng d
020 _a9781003402305
037 _aEBOOK
040 _aCRL
040 _beng
040 _cCRL
041 _2eng
041 _aeng
084 _qCRL
100 _aRobert Page Arnot
_91225023
245 4 _aThe Miners in Crisis and War
245 2 _bA History of the Miners' Federation of Great Britain from 1930 Onwards
260 _bTaylor and Francis
260 _c1961
365 _a
365 _b205
856 _uhttp://www.taylorfrancis.com/books/9781003402305
942 _cEBOOK
999 _c1836549
_d1836549